|
|
|
|
| LEADER |
01376nam a22003612i 4500 |
| 001 |
001532185 |
| 003 |
CZ BrMZK |
| 005 |
20161025110424.0 |
| 007 |
ta |
| 008 |
160622s1991 xr a er|||||||||||cze d |
| 015 |
|
|
|a cnb000064828
|
| 020 |
|
|
|a 80-901003-0-9
|
| 035 |
|
|
|a (OCoLC)39578323
|
| 040 |
|
|
|a PNA001
|b cze
|d BOA001
|e rda
|
| 080 |
9 |
|
|a 75
|
| 080 |
9 |
|
|a (437.31)
|
| 100 |
1 |
|
|a Tázler, Miroslav,
|d 1925-2006
|7 jn20000402431
|4 art
|
| 245 |
1 |
0 |
|a Miroslav Tázler :
|b západočeská galerie v Plzni, 31. říjen - 1. prosinec 1991 /
|c text Jana Potužáková ; fotografie Jan Gryc
|
| 264 |
|
1 |
|a Plzeň :
|b Západočeská galerie,
|c 1991
|
| 300 |
|
|
|a 12 stran :
|b ilustrace
|
| 336 |
|
|
|a text
|b txt
|2 rdacontent
|
| 337 |
|
|
|a bez média
|b n
|2 rdamedia
|
| 338 |
|
|
|a svazek
|b nc
|2 rdacarrier
|
| 500 |
|
|
|a Katalog výstavy
|
| 500 |
|
|
|a Dostupné též v digitální podobě v aplikaci Kramerius
|
| 600 |
1 |
7 |
|a Tázler, Miroslav,
|d 1925-2006
|7 jn20000402431
|2 czenas
|
| 700 |
1 |
|
|a Potužáková, Jana,
|d 1942-
|7 jn20010310455
|
| 700 |
1 |
|
|a Gryc, Jan,
|d 1943-2002
|7 ola2003188533
|4 ill
|
| 856 |
4 |
1 |
|u http://www.digitalniknihovna.cz/mzk/uuid/uuid:61ea4600-250e-11e3-9319-005056827e51
|y Digitalizovaný dokument
|x NDK
|
| 910 |
|
|
|a BOA001
|b X-0971.446
|
| 990 |
|
|
|a BK
|
| 991 |
|
|
|b 201605
|
| 996 |
6 |
|
|b 2619163355
|c X-0971.446
|l MZK
|r Sklad / do 24 hodin
|n 0
|w 001567004
|u 000010
|a 1
|e BOA001
|j MZK50
|s P
|